<?xml version="1.0" encoding="UTF-8"?>
<collection xmlns="http://www.loc.gov/MARC21/slim">
 <record>
  <leader>00921nab a2200193 i 4500</leader>
  <controlfield tag="001">misc43052</controlfield>
  <controlfield tag="005">20191106141338.0</controlfield>
  <controlfield tag="008">180731s1991    hu      o     0||   zxx d</controlfield>
  <datafield tag="022" ind1=" " ind2=" ">
   <subfield code="a">1215-5233</subfield>
  </datafield>
  <datafield tag="040" ind1=" " ind2=" ">
   <subfield code="a">SZTE Miscellanea Repozitórium</subfield>
   <subfield code="b">hun</subfield>
  </datafield>
  <datafield tag="041" ind1=" " ind2=" ">
   <subfield code="a">zxx</subfield>
  </datafield>
  <datafield tag="100" ind1="1" ind2=" ">
   <subfield code="a">Kamarás István</subfield>
  </datafield>
  <datafield tag="245" ind1="1" ind2="0">
   <subfield code="a">Mi is mozgatja az olvasót? És merre? </subfield>
   <subfield code="h">[elektronikus dokumentum] :</subfield>
   <subfield code="b">Nagy Attila: Keresik életük értelmét? : olvasás - könyvtár - szocializáció című könyvéről /</subfield>
   <subfield code="c"> Kamarás István</subfield>
  </datafield>
  <datafield tag="260" ind1=" " ind2=" ">
   <subfield code="c">1991</subfield>
  </datafield>
  <datafield tag="300" ind1=" " ind2=" ">
   <subfield code="a">112-115</subfield>
  </datafield>
  <datafield tag="490" ind1="0" ind2=" ">
   <subfield code="a">Iskolakultúra</subfield>
   <subfield code="v">1 No. 7-8</subfield>
  </datafield>
  <datafield tag="695" ind1=" " ind2=" ">
   <subfield code="a">Ifjúság - olvasásszociológia - tanulmányok - könyvismertetés, Olvasásszociológia - ifjúságé - tanulmányok, Könyvtárhasználat - Magyarország - ifjúság - tanulmányok - könyvismertetés</subfield>
  </datafield>
  <datafield tag="700" ind1="0" ind2="1">
   <subfield code="a">Nagy Attila</subfield>
  </datafield>
  <datafield tag="856" ind1="4" ind2="0">
   <subfield code="u">http://misc.bibl.u-szeged.hu/43052/1/iskolakultura_1991_007_008_112-115.pdf</subfield>
   <subfield code="z">Dokumentum-elérés </subfield>
  </datafield>
 </record>
</collection>
